000 02139cam a22005534i 4500
003 PE-LiUPU
005 20250731180118.0
008 150623s r 000 0 d
020 _a9586002691
035 _a(Sirsi) i9789586002691
040 _aPE-LiUPU
_bspa
_cPE-LiUPU
_erda
049 _aPRUA
082 0 4 _a574.500 8
_bM
_221
100 1 _aErickson, Jon,
_eautor.
245 1 3 _aLa extinción de las especies :
_bevolución, causas y efectos /
_cJon Erickson.
250 _b
264 1 _aBogotá, Colombia :
_bMcGraw-Hill Interamericana de España,
_c1994.
300 _a212 páginas :
_bilustraciones, gráficos fotos ;
_c21 centímetros
336 _atext
_2rdacontent
337 _aunmediated
_2rdamedia
338 _avolume
_2rdacarrier
490 0 _aMcGraw-Hil de Divulgación Científica ;
_v5
504 _aIncluye bibliografía.
505 0 _aEl origen de la vida. -La historia de la vida. -Las grandes extinciones. -La evolución de las especies. -Los efectos de las extinciones. -Causas celestes de las extinciones. -Causas terrestres de las extinciones. -Las glaciaciones. -El calentamiento del efecto invernadero. -La extinción global.
526 _aSEG44
526 _aSEG26
526 _aP159
526 _aP155
526 _aP154
526 _aP153
526 _aP150
526 _aP100
526 _aP31
526 _aP30
526 _aP26
526 _aP25
526 _aP24
526 _aP22
526 _aP15
526 _aP10
541 _g002537;
650 0 4 _aConservación de la vida silvestre
_xObra de divulgación.
650 0 4 _aDiversidad biológica
_xProtección.
942 _2ddc
_cBOOK
949 _a574.500 8 M
_wDEWEY
_c1
_i51383
_d2015-9-16
_e2015-9-15
_lCCODEBUL1
_mBUL
_n1
_p112.00
_r0
_sY
_tBOOK
_u2015-6-24
_xINGENIERIA
_zUNKNOWN
_0COMPRA
_o.STAFF. Colección General
994 _aC0
_bPEPRU
596 _a1
999 _a574.500 8 M
_wDEWEY
_c33101
_i51383
_d33101
_e2015-9-15
_f2021-11-9
_g7
_lCCODEBUL1
_mBUL
_n1
_p112.00
_r0
_sY
_tBOOK
_u2015-6-24
_xINGENIERIA
_zUNKNOWN
_0COMPRA
_o.STAFF. Colección General
980 _81
_gALBERTO SANCHEZ Responsable de Automatización